[Event "Lliga Catalana DH Final A"]
[Site "?"]
[Date "2015.04.18"]
[Round "11.3"]
[White "Akbarinia, SA."]
[Black "Panelo Muñoz, MA."]
[Result "1/2-1/2"]
[WhiteElo "2366"]
[BlackElo "2457"]
[PlyCount "63"]
[EventDate "2015.??.??"]
[EventType "team"]

1. d4 Nf6 2. Nf3 c5 3. c3 e6 4. g3 b6 5. Bg2 Bb7 6. O-O cxd4 7. cxd4 d5 8. Ne5
Be7 9. Qa4+ Nfd7 10. Nd2 O-O 11. Ndf3 Nxe5 12. Nxe5 Qe8 13. Qd1 Nc6 14. Nf3 Qd7
15. h4 Rac8 16. Bg5 h6 17. Bxe7 Qxe7 18. Qd2 Qb4 19. Qxb4 Nxb4 20. a3 Nc6 21.
Rfc1 Na5 22. Nd2 Ba6 23. Bf1 Nc4 24. Nxc4 Bxc4 25. Rc3 Ba6 26. Rac1 Rxc3 27.
Rxc3 Rc8 28. Rxc8+ Bxc8 29. e3 Kf8 30. f3 f6 31. Kf2 Ke7 32. Bd3 1/2-1/2

[Event "Lliga Catalana DH Final A"]
[Site "?"]
[Date "2015.04.18"]
[Round "11.4"]
[White "Jose Abril, R."]
[Black "Dominguez Pons, E."]
[Result "1/2-1/2"]
[WhiteElo "2400"]
[BlackElo "2402"]
[PlyCount "69"]
[EventDate "2015.??.??"]
[EventType "team"]

1. Nf3 e6 2. d4 f5 3. d5 Nf6 4. dxe6 dxe6 5. Qxd8+ Kxd8 6. Nbd2 Bc5 7. Nb3 Bd6
8. c4 Ne4 9. Nbd2 Nf6 10. b3 Nbd7 11. Nd4 Ke7 12. Bb2 a6 13. g3 c5 14. N4f3 b6
15. Bg2 Bb7 16. O-O Rhe8 17. Rad1 Bc7 18. Rfe1 Rad8 19. e4 Nxe4 20. Nxe4 fxe4
21. Ng5 Nf6 22. Rxd8 Rxd8 23. Nxe4 Nxe4 24. Bxe4 Bxe4 25. Rxe4 Kf7 26. Re2 Rd3
27. Rc2 Rd1+ 28. Kg2 Bd8 29. Be5 Bf6 30. Bc7 Bd8 31. Bb8 Rd7 32. Kf3 Bf6 33.
Bf4 h5 34. h4 Kg6 35. Rd2 1/2-1/2

[Event "Lliga Catalana DH Final A"]
[Site "?"]
[Date "2015.04.18"]
[Round "11.5"]
[White "Subirats Ruiz, S."]
[Black "Oms Fuentes, L."]
[Result "1-0"]
[WhiteElo "2283"]
[BlackElo "2378"]
[PlyCount "75"]
[EventDate "2015.??.??"]
[EventType "team"]

1. f4 d5 2. Nf3 c5 3. g3 Nc6 4. Bg2 Nf6 5. O-O g6 6. d3 Bg7 7. Nc3 d4 8. Na4
Nd7 9. c4 Qc7 10. a3 b6 11. Bd2 Bb7 12. Qc2 O-O 13. b4 Rae8 14. bxc5 bxc5 15.
Rab1 Ba8 16. Rb5 a6 17. Rb3 Na7 18. Rfb1 Nc8 19. Ne1 Bc6 20. Rb7 Bxb7 21. Rxb7
Qd6 22. Ba5 Qe6 23. Rc7 Nd6 24. Bd2 Rc8 25. Ra7 Nf5 26. Bf3 Rb8 27. Ng2 h5 28.
Ba5 Ne3 29. Nxe3 dxe3 30. Bd5 Qf6 31. Rxd7 Qa1+ 32. Kg2 Rb1 33. Bc3 Bxc3 34.
Qxc3 Qa2 35. Kf3 Qd2 36. Rxe7 Rf1+ 37. Ke4 Qxe2 38. Qf6 1-0

[Event "Lliga Catalana DH Final A"]
[Site "?"]
[Date "2015.04.18"]
[Round "11.6"]
[White "Gutierrez Clares, J."]
[Black "Pueyo Burrell, D."]
[Result "1/2-1/2"]
[WhiteElo "2328"]
[BlackElo "2265"]
[PlyCount "50"]
[EventDate "2015.??.??"]
[EventType "team"]

1. d4 g6 2. c4 Nf6 3. Nc3 Bg7 4. e4 d6 5. Be2 O-O 6. Bg5 h6 7. Be3 e5 8. d5 Na6
9. Qc2 Ng4 10. Bxg4 Bxg4 11. Qd2 Kh7 12. h4 Bd7 13. h5 g5 14. Nge2 f5 15. exf5
Bxf5 16. Ng3 Kg8 17. Nxf5 Rxf5 18. Ne4 Qe7 19. O-O-O Nb8 20. g4 Rf7 21. Ng3 Nd7
22. Nf5 Qf8 23. Qc2 Nf6 24. f3 Ne8 25. Rdg1 b6 1/2-1/2

[Event "Lliga Catalana DH Final A"]
[Site "?"]
[Date "2015.04.18"]
[Round "11.7"]
[White "Gonzalez Hernandez, F."]
[Black "Fernandez Madrid, C."]
[Result "1/2-1/2"]
[WhiteElo "2290"]
[BlackElo "2270"]
[PlyCount "69"]
[EventDate "2015.??.??"]
[EventType "team"]

1. e4 d6 2. d4 g6 3. Nc3 Bg7 4. f4 Nf6 5. Nf3 O-O 6. e5 dxe5 7. fxe5 Nd5 8. Bc4
c6 9. O-O Na6 10. Ne4 Bg4 11. Bxa6 bxa6 12. h3 Bf5 13. Nc5 Nb4 14. c3 Nc2 15.
Nh4 Nxa1 16. Nxf5 gxf5 17. Rxf5 e6 18. Rh5 Qe8 19. Bh6 f6 20. Bxg7 Kxg7 21.
exf6+ Rxf6 22. Rg5+ Rg6 23. Rxg6+ Qxg6 24. Qxa1 Rg8 25. Qe1 Kf7 26. Qf2+ Ke7
27. Nxa6 Qh5 28. Nb4 Qxh3 29. d5 Qh6 30. Qxa7+ Kd6 31. Nd3 exd5 32. Qc5+ Kc7
33. Qa7+ Kd6 34. Qc5+ Kc7 35. Qa7+ 1/2-1/2

[Event "Lliga Catalana DH Final A"]
[Site "?"]
[Date "2015.04.18"]
[Round "11.8"]
[White "Gardela Batlle, J."]
[Black "Anguera Maestro, J."]
[Result "1-0"]
[WhiteElo "2250"]
[BlackElo "2205"]
[PlyCount "145"]
[EventDate "2015.??.??"]
[EventType "team"]

1. Nf3 d5 2. d4 Nf6 3. Bg5 h6 4. Bxf6 exf6 5. e3 Bf5 6. Be2 Bd6 7. O-O O-O 8.
b3 c6 9. c4 Nd7 10. a3 Bc7 11. Nc3 Nb6 12. Nh4 Be6 13. c5 Nc8 14. Bd3 Ne7 15.
b4 Qd7 16. Qc2 g5 17. Nf3 f5 18. Ne2 Ng6 19. Rfc1 g4 20. Ne1 Kg7 21. g3 h5 22.
Ng2 Rh8 23. Nef4 Bxf4 24. exf4 h4 25. Ne3 Rh5 26. a4 Rah8 27. b5 Kf6 28. Nf1
hxg3 29. fxg3 Qc7 30. Qd2 Ne7 31. Rab1 Kg7 32. Rb2 Bc8 33. b6 axb6 34. Rxb6 Ng8
35. a5 Nf6 36. Ra1 Re8 37. a6 bxa6 38. Bxa6 Nd7 39. Rb2 Bxa6 40. Rxa6 Re4 41.
Ne3 Qc8 42. Ra7 Qe8 43. Nf1 Re1 44. Kf2 Re7 45. Rbb7 Rh6 46. Qd3 Rf6 47. Ne3
Kg6 48. Nxg4 Rfe6 49. Ne5+ Nxe5 50. fxe5 Rxb7 51. Rxb7 Qa8 52. Qb1 Qh8 53. h4
Qh5 54. Qc1 f6 55. Rc7 Qg4 56. Qf4 Qd1 57. g4 Qxg4 58. Qxg4+ fxg4 59. exf6 Kxf6
60. Kg3 Kf5 61. Rf7+ Ke4 62. Rf4+ Ke3 63. Kxg4 Re8 64. Rf6 Kxd4 65. Rxc6 Kc4
66. h5 d4 67. h6 d3 68. Rd6 Re1 69. c6 Kc5 70. c7 Kxd6 71. c8=Q Kd5 72. h7 Rg1+
73. Kf3 1-0

[Event "Lliga Catalana DH Final A"]
[Site "?"]
[Date "2015.04.18"]
[Round "11.9"]
[White "Garcia Lopez, N."]
[Black "Barcelo Sola, D."]
[Result "1/2-1/2"]
[WhiteElo "2172"]
[BlackElo "2119"]
[PlyCount "81"]
[EventDate "2015.??.??"]
[EventType "team"]

1. e4 c5 2. g3 Nc6 3. Bg2 d6 4. Ne2 g6 5. c3 Bg7 6. d4 cxd4 7. cxd4 Bg4 8. f3
Bd7 9. Nbc3 h5 10. h3 Rc8 11. Be3 a6 12. Qd2 b5 13. O-O b4 14. Nd1 a5 15. f4 e6
16. Nf2 Nce7 17. Rfc1 Nf6 18. e5 dxe5 19. fxe5 Nfd5 20. Bg5 Qb6 21. Kh2 Bxe5
22. dxe5 Qxf2 23. Rf1 Qa7 24. Bxd5 Nxd5 25. Nf4 Qe3 26. Nxd5 Qxd2+ 27. Bxd2
exd5 28. Rac1 O-O 29. Rxc8 Rxc8 30. Rc1 Kf8 31. Rxc8+ Bxc8 32. a3 bxa3 33. bxa3
a4 34. Bb4+ Ke8 35. Kg2 Kd7 36. Kf3 Kc6 37. g4 hxg4+ 38. hxg4 Kb5 39. g5 Kc4
40. Ke3 Bf5 41. Be7 1/2-1/2

[Event "Lliga Catalana DH Final A"]
[Site "?"]
[Date "2015.04.18"]
[Round "11.10"]
[White "Lorente Muñoz, R."]
[Black "Romero Moreno, F."]
[Result "1/2-1/2"]
[WhiteElo "2044"]
[BlackElo "2132"]
[PlyCount "145"]
[EventDate "2015.??.??"]
[EventType "team"]

1. d4 Nf6 2. c4 c5 3. d5 e6 4. dxe6 fxe6 5. Nf3 Be7 6. Nc3 d5 7. e3 Nc6 8. Be2
O-O 9. O-O d4 10. Nb5 a6 11. Na3 e5 12. exd4 exd4 13. Nc2 Bf5 14. Bd3 Bg4 15.
h3 Bh5 16. Bf4 Nd7 17. Bg3 Bxf3 18. gxf3 Nde5 19. Be4 Qd7 20. Bd5+ Kh8 21. Kg2
Ng6 22. Re1 Nf4+ 23. Bxf4 Rxf4 24. Re4 Raf8 25. Rxf4 Rxf4 26. Qe2 Rf6 27. Rh1
Bd6 28. a3 Ne5 29. Ne1 Ng6 30. Nd3 Qf5 31. Kf1 b5 32. b3 Nh4 33. Qe4 Nxf3 34.
Qxf3 Qxf3 35. Bxf3 Rxf3 36. Ke2 Rf8 37. Rg1 Re8+ 38. Kf3 bxc4 39. bxc4 g6 40.
Rg5 Rc8 41. Rd5 Bf8 42. Rd7 Kg8 43. Ra7 Rc6 44. Ra8 Kg7 45. Kg4 Kf6 46. Rxf8+
Kg7 47. Ra8 Kf6 48. f4 h5+ 49. Kf3 Re6 50. Nxc5 Re3+ 51. Kf2 Rxh3 52. Rf8+ Ke7
53. Ra8 Rxa3 54. Nxa6 h4 55. c5 h3 56. c6 Ra2+ 57. Kg1 h2+ 58. Kh1 d3 59. Ra7+
Kf6 60. Rd7 Rxa6 61. c7 Rc6 62. Rd6+ Rxd6 63. c8=Q d2 64. Qc3+ Ke6 65. Qb3+ Kd7
66. Qd1 Ke6 67. Kxh2 Kf5 68. Kg2 Kxf4 69. Kf2 g5 70. Qf3+ Ke5 71. Qe2+ Kf6 72.
Qd1 Kf5 73. Qf3+ 1/2-1/2

[Event "Lliga Catalana DH Final B"]
[Site "?"]
[Date "2015.03.14"]
[Round "8.1"]
[White "Jerez Perez, A."]
[Black "Muñoz Pantoja, MA."]
[Result "1/2-1/2"]
[WhiteElo "2466"]
[BlackElo "2475"]
[PlyCount "101"]
[EventDate "2015.??.??"]
[EventType "team"]

1. e4 c5 2. Nf3 Nc6 3. c3 Nf6 4. e5 Nd5 5. Bc4 Nb6 6. Bb3 d6 7. exd6 Qxd6 8.
Na3 Be6 9. d4 cxd4 10. Nb5 Qd7 11. O-O Bxb3 12. axb3 e6 13. Bf4 Rc8 14. Nxa7
Nxa7 15. Rxa7 dxc3 16. Qxd7+ Nxd7 17. bxc3 Nc5 18. b4 Ne4 19. Be5 Nxc3 20. Bxc3
Rxc3 21. Rd1 Rc7 22. Ra8+ Ke7 23. Kf1 f6 24. Rdd8 Rd7 25. Rdb8 e5 26. Ke2 Kf7
27. b5 b6 28. g3 e4 29. Nh4 Rc7 30. Kd1 h5 31. Nf5 Rc5 32. Rb7+ Kg6 33. Nh4+
Kh7 34. Rxb6 Rd5+ 35. Ke2 Rd2+ 36. Kxd2 Bb4+ 37. Ke3 Bc5+ 38. Kxe4 Rxa8 39. Rb7
Re8+ 40. Kf3 Re5 41. h3 Kh6 42. g4 g6 43. Ng2 hxg4+ 44. hxg4 f5 45. Ne3 Bxe3
46. fxe3 fxg4+ 47. Kf4 Re6 48. Rd7 g3 49. Rd1 g2 50. Kf3 Rb6 51. Kxg2 1/2-1/2

[Event "Lliga Catalana DH Final B"]
[Site "?"]
[Date "2015.03.14"]
[Round "8.2"]
[White "Pablo Mari, A."]
[Black "Granados Gomez, M."]
[Result "1-0"]
[WhiteElo "2442"]
[BlackElo "2442"]
[PlyCount "77"]
[EventDate "2015.??.??"]
[EventType "team"]

1. e4 e5 2. Nf3 Nc6 3. Bb5 Nf6 4. d3 d6 5. c3 g6 6. O-O Bg7 7. Re1 O-O 8. Bg5
h6 9. Bh4 Bd7 10. Nbd2 Qe8 11. Ba4 Nh5 12. Nc4 Nf4 13. Bg3 g5 14. Ne3 Kh8 15.
Bc2 Ne7 16. d4 f6 17. Nf5 Rg8 18. Nxe7 Qxe7 19. Bxf4 gxf4 20. Bb3 Be6 21. Nh4
Bf8 22. Bxe6 Qxe6 23. Kh1 Qg4 24. Qxg4 Rxg4 25. Nf5 Bg7 26. d5 Bf8 27. c4 a5
28. Rac1 b6 29. Rc3 Kh7 30. Ra3 Rd8 31. Rb1 Rd7 32. b4 axb4 33. Rxb4 Be7 34.
Ra7 f3 35. gxf3 Rf4 36. Kg2 Bd8 37. Rb3 Rf7 38. Kf1 Rd7 39. Ke2 1-0

[Event "Lliga Catalana DH Final B"]
[Site "?"]
[Date "2015.03.14"]
[Round "8.3"]
[White "Torrecillas Martinez, A."]
[Black "Pomes Marcet, J."]
[Result "1/2-1/2"]
[WhiteElo "2408"]
[BlackElo "2397"]
[PlyCount "47"]
[EventDate "2015.??.??"]
[EventType "team"]

1. Nf3 d5 2. d4 Nf6 3. c4 c6 4. e3 Bf5 5. Nc3 e6 6. Nh4 Be4 7. f3 Bg6 8. Qb3
Qb6 9. Nxg6 hxg6 10. g3 Nbd7 11. Bd2 g5 12. O-O-O g4 13. Be2 gxf3 14. Bxf3 Qxb3
15. axb3 Bb4 16. Kc2 Bxc3 17. Bxc3 Ne4 18. Bxe4 dxe4 19. d5 cxd5 20. cxd5 e5
21. h4 f6 22. Ra1 Nb6 23. Rhd1 Kd7 24. Ra5 1/2-1/2

[Event "Lliga Catalana DH Final B"]
[Site "?"]
[Date "2015.03.14"]
[Round "8.4"]
[White "Ubach Miralda, M."]
[Black "Almeida Toledano, D."]
[Result "1/2-1/2"]
[WhiteElo "2391"]
[BlackElo "2357"]
[PlyCount "52"]
[EventDate "2015.??.??"]
[EventType "team"]

1. e4 e6 2. d4 d5 3. Nc3 Nf6 4. e5 Nfd7 5. f4 c5 6. Nf3 Nc6 7. Be3 Be7 8. Qd2
O-O 9. Be2 a6 10. dxc5 Bxc5 11. Nd4 Bxd4 12. Bxd4 b5 13. Bf3 b4 14. Ne2 a5 15.
c4 bxc3 16. Bxc3 Ba6 17. O-O Qb6+ 18. Kh1 Bxe2 19. Qxe2 Nd4 20. Qd1 Nxf3 21.
Rxf3 f6 22. Bd4 Qa6 23. exf6 Nxf6 24. Rc1 Rac8 25. Rxc8 Qxc8 26. f5 Ne4 1/2-1/2

[Event "Lliga Catalana DH Final B"]
[Site "?"]
[Date "2015.03.14"]
[Round "8.5"]
[White "Ryan, J."]
[Black "Simon Padros, E."]
[Result "0-1"]
[WhiteElo "2345"]
[BlackElo "2327"]
[PlyCount "108"]
[EventDate "2015.??.??"]
[EventType "team"]

1. e4 e6 2. Qe2 c5 3. Nf3 Nc6 4. g3 g6 5. Bg2 Bg7 6. O-O Nge7 7. c3 O-O 8. d3
d6 9. Nbd2 Rb8 10. Rd1 e5 11. a3 h6 12. b4 Bg4 13. h3 Be6 14. Bb2 Qd7 15. Kh2
b5 16. Qe3 cxb4 17. axb4 d5 18. exd5 Nxd5 19. Qe2 f5 20. Qe1 Nb6 21. c4 e4 22.
Bxg7 Qxg7 23. dxe4 Nxb4 24. exf5 Bxf5 25. Qe5 bxc4 26. Qxg7+ Kxg7 27. Rxa7+ Kg8
28. g4 Bd3 29. Kg3 c3 30. Nb3 c2 31. Re1 Bc4 32. Nc1 Rf7 33. Rxf7 Bxf7 34. Ne5
Rd8 35. f4 Rd2 36. Be4 Kg7 37. Kf3 Bd5 38. Bxd5 N6xd5 39. f5 gxf5 40. gxf5 Rd1
41. Kf2 h5 42. Nb3 Kf6 43. Nd7+ Kg5 44. f6 Rxe1 45. Kxe1 Nxf6 46. Nxf6 Kxf6 47.
Kd2 Kg5 48. Kc3 Kh4 49. Kxb4 Kxh3 50. Kc3 Kg2 51. Kd2 h4 52. Nd4 h3 53. Nxc2 h2
54. Ne3+ Kf3 0-1

[Event "Lliga Catalana DH Final B"]
[Site "?"]
[Date "2015.03.14"]
[Round "8.6"]
[White "Duran Albareda, X."]
[Black "Garrido Fernandez, D."]
[Result "1/2-1/2"]
[WhiteElo "2329"]
[BlackElo "2326"]
[PlyCount "120"]
[EventDate "2015.??.??"]
[EventType "team"]

1. e4 c5 2. Nf3 Nc6 3. Bb5 g6 4. O-O Bg7 5. Re1 Nf6 6. a4 O-O 7. Bxc6 bxc6 8.
d3 d6 9. Nbd2 e5 10. Nc4 h6 11. Bd2 Be6 12. Na5 Qc7 13. b4 cxb4 14. Bxb4 Rab8
15. Bc3 c5 16. Nc4 Nh5 17. Ba5 Qd7 18. Ne3 Nf4 19. Ra3 f5 20. c4 g5 21. Nd2 Ng6
22. exf5 Bxf5 23. Ne4 Nf4 24. Rb3 Bg6 25. Qb1 Rxb3 26. Qxb3 Qf7 27. f3 Ne6 28.
Bc3 Nd4 29. Bxd4 exd4 30. Nd5 Be5 31. Nxc5 g4 32. Qd1 gxf3 33. Qxf3 Qxf3 34.
gxf3 Rxf3 35. Ne7+ Kf7 36. Nxg6 Kxg6 37. Kg2 Rf7 38. Ne4 Rb7 39. c5 Rb2+ 40.
Nf2 Bf4 41. cxd6 Be3 42. Rf1 Kf7 43. Kf3 Ke6 44. Ne4 Rb8 45. Kg4 Rg8+ 46. Kh5
Bg5 47. Rg1 Rf8 48. h4 Be3 49. Rg6+ Ke5 50. Rg7 a5 51. Ra7 Ke6 52. Rxa5 Rf4 53.
Rb5 Bf2 54. Kxh6 Bxh4 55. Rb6 Bd8 56. Rb8 Rh4+ 57. Kg7 Rg4+ 58. Kf8 Rh4 59. a5
Be7+ 60. Kg7 Rg4+ 1/2-1/2

[Event "Lliga Catalana DH Final B"]
[Site "?"]
[Date "2015.03.14"]
[Round "8.7"]
[White "Llaneza Vega, P."]
[Black "Armengol Comas, J."]
[Result "1-0"]
[WhiteElo "2296"]
[BlackElo "2320"]
[PlyCount "89"]
[EventDate "2015.??.??"]
[EventType "team"]

1. e4 e5 2. Nf3 Nf6 3. Nxe5 d6 4. Nf3 Nxe4 5. Nc3 Nxc3 6. dxc3 Be7 7. Bf4 O-O
8. Qd2 Nd7 9. O-O-O Nc5 10. Be3 c6 11. Bxc5 dxc5 12. Qe3 Qc7 13. Bd3 g6 14. h4
Bd6 15. Kb1 Bg4 16. h5 Bf4 17. Qxc5 b6 18. Qd4 Rad8 19. Qf6 Bxf3 20. gxf3 Qd6
21. Qh4 g5 22. Qh3 Qe6 23. Qg2 Rfe8 24. a3 h6 25. Be4 Rxd1+ 26. Rxd1 f5 27. Bd3
Kg7 28. a4 Kf6 29. Qf1 Qd5 30. Re1 Re5 31. Rxe5 Bxe5 32. Qe2 Qa5 33. Bc4 Qc5
34. Bb3 b5 35. axb5 Qxb5 36. Bc4 Qc5 37. Qd3 Qd6 38. Qe3 c5 39. Qe2 a5 40. Bg8
Bxc3 41. bxc3 Qb8+ 42. Bb3 a4 43. Qe6+ Kg7 44. Qg6+ Kf8 45. Qf7# 1-0

[Event "Lliga Catalana DH Final B"]
[Site "?"]
[Date "2015.03.14"]
[Round "8.8"]
[White "Sadrija, E."]
[Black "De la Riva Aguado, J."]
[Result "1-0"]
[WhiteElo "2278"]
[BlackElo "2306"]
[PlyCount "97"]
[EventDate "2015.??.??"]
[EventType "team"]

1. d4 Nf6 2. c4 e6 3. a3 b6 4. Nc3 Bb7 5. Nf3 Be7 6. d5 O-O 7. e4 d6 8. Bd3 e5
9. h3 Nbd7 10. b4 a5 11. b5 Nc5 12. Bc2 Bc8 13. Be3 h6 14. g4 Nh7 15. Qe2 Re8
16. O-O-O Bd7 17. Rdg1 g5 18. h4 Kg7 19. hxg5 hxg5 20. Rh5 Rh8 21. Qf1 f6 22.
Nd2 Be8 23. Rh3 Nd7 24. Ne2 Bg6 25. Ng3 Kf7 26. Rgh1 Bf8 27. R1h2 Bg7 28. Qh1
Ndf8 29. a4 Qd7 30. Nf5 Ke8 31. Nf1 Kd8 32. N1g3 Kc8 33. Qf3 Kb7 34. Nh5 Rg8
35. Qh1 Bxf5 36. exf5 Re8 37. Ng3 Rh8 38. Ne4 Qf7 39. Bb3 Re7 40. c5 Re8 41.
c6+ Kb8 42. f3 Rd8 43. Kb2 Rg8 44. Rc2 Kc8 45. Qg1 Bh8 46. Bxb6 cxb6 47. Qxb6
Qc7 48. Qa6+ Kb8 49. b6 1-0

[Event "Lliga Catalana DH Final B"]
[Site "?"]
[Date "2015.03.14"]
[Round "8.9"]
[White "Lopez Santana, O."]
[Black "Del Amo Carbo, J."]
[Result "0-1"]
[WhiteElo "2252"]
[BlackElo "2207"]
[PlyCount "83"]
[EventDate "2015.??.??"]
[EventType "team"]

1. e4 e5 2. Nf3 Nc6 3. c3 Nf6 4. d4 exd4 5. e5 Nd5 6. Qb3 Nb6 7. cxd4 d5 8. Be3
Be7 9. Nbd2 O-O 10. Bd3 Nb4 11. Bb1 a5 12. a3 Nc6 13. Qd3 g6 14. Qe2 Bg4 15. h3
Be6 16. Bd3 a4 17. Rc1 Na5 18. O-O Nac4 19. Rc2 c6 20. Nxc4 Nxc4 21. Nh2 Qd7
22. g4 f5 23. f4 b5 24. Bc1 c5 25. dxc5 Bxc5+ 26. Kg2 Rad8 27. gxf5 gxf5 28.
Nf3 h6 29. Kh2 Kh7 30. Nh4 Qf7 31. Bd2 Rg8 32. Be1 Bb6 33. Bf2 d4 34. Rg1 Rxg1
35. Bxg1 Rg8 36. Qf3 Bd8 37. Bf2 Kh8 38. Bg3 Bd5 39. Qe2 Rxg3 40. Kxg3 Qg7+ 41.
Kf2 Bxh4+ 42. Kf1 0-1

[Event "Lliga Catalana DH Final B"]
[Site "?"]
[Date "2015.03.14"]
[Round "8.10"]
[White "Arus Blanch, D."]
[Black "Masip Tresserra, O."]
[Result "0-1"]
[WhiteElo "2112"]
[BlackElo "2226"]
[PlyCount "76"]
[EventDate "2015.??.??"]
[EventType "team"]

1. e4 c5 2. Nc3 Nc6 3. g3 g6 4. Bg2 Bg7 5. d3 e6 6. Be3 d6 7. Qd2 a6 8. Nge2
Qc7 9. O-O b5 10. d4 Na5 11. b3 Bb7 12. f4 Ne7 13. Rad1 O-O 14. dxc5 dxc5 15.
Qd7 Rac8 16. e5 Nf5 17. Qxc7 Rxc7 18. Bf2 h5 19. Ne4 Rfc8 20. Rd2 Bxe4 21. Bxe4
f6 22. exf6 Bxf6 23. Rfd1 Nb7 24. Kg2 a5 25. h3 a4 26. g4 hxg4 27. hxg4 Ne7 28.
Rd7 Na5 29. Kf3 Kf7 30. Rxc7 Rxc7 31. b4 Nc4 32. Bxc5 g5 33. Nd4 Rd7 34. c3
gxf4 35. Rh1 e5 36. Nxb5 Nd2+ 37. Ke2 Nxe4 38. Bxe7 Ng3+ 0-1

[Event "Lliga Catalana DH Final B"]
[Site "?"]
[Date "2015.03.14"]
[Round "8.1"]
[White "Herraiz Hidalgo, H."]
[Black "Guerra Mendez, JA."]
[Result "1/2-1/2"]
[WhiteElo "2473"]
[BlackElo "2442"]
[PlyCount "59"]
[EventDate "2015.??.??"]
[EventType "team"]

1. d4 Nf6 2. c4 g6 3. Nc3 Bg7 4. e4 d6 5. Be2 O-O 6. Bg5 h6 7. Be3 c5 8. e5
dxe5 9. dxe5 Qxd1+ 10. Rxd1 Ng4 11. Bxc5 Nxe5 12. Nd5 Nbc6 13. f4 Ng4 14. h3
Nf6 15. Bf3 Bf5 16. Ne2 Rfc8 17. g4 Be6 18. O-O Nd7 19. Ba3 f5 20. Ng3 fxg4 21.
hxg4 Nf8 22. b3 Bf7 23. Bxe7 Ne6 24. Bg2 Ned4 25. Bc5 Rd8 26. Ne4 Be6 27. Nef6+
Kf7 28. g5 Bxf6 29. Nxf6 Ne2+ 30. Kf2 1/2-1/2

[Event "Lliga Catalana DH Final B"]
[Site "?"]
[Date "2015.03.14"]
[Round "8.2"]
[White "Oratovsky, M."]
[Black "Amigo Vilalta, J."]
[Result "1/2-1/2"]
[WhiteElo "2341"]
[BlackElo "2530"]
[PlyCount "41"]
[EventDate "2015.??.??"]
[EventType "team"]

1. e4 c5 2. Nf3 g6 3. c3 Bg7 4. d4 cxd4 5. cxd4 d6 6. Nc3 a6 7. Be2 Nf6 8. O-O
O-O 9. Be3 Nbd7 10. Nd2 b5 11. a4 b4 12. Na2 a5 13. Nc1 Nb6 14. f3 Bd7 15. Bd3
Qb8 16. Ne2 e6 17. b3 Rc8 18. Qe1 Be8 19. Qf2 Nfd7 20. Rac1 Qb7 21. Bb5 1/2-1/2

[Event "Lliga Catalana DH Final B"]
[Site "?"]
[Date "2015.03.14"]
[Round "8.3"]
[White "Canal Oliveras, J."]
[Black "Hernando Rodrigo, JA."]
[Result "0-1"]
[WhiteElo "2339"]
[BlackElo "2400"]
[PlyCount "50"]
[EventDate "2015.??.??"]
[EventType "team"]

1. e4 e6 2. d4 d5 3. Nc3 Bb4 4. e5 c5 5. a3 Bxc3+ 6. bxc3 Ne7 7. Qg4 Qc7 8. Bd3
c4 9. Be2 Nf5 10. a4 Qa5 11. Kd2 Nc6 12. Nf3 h5 13. Qg5 b5 14. Bb2 bxa4 15. Ba3
Ba6 16. Qf4 Rb8 17. Rhb1 Kd7 18. Ng5 Ncxd4 19. Bb4 Rxb4 20. Rxb4 a3 21. g4 Nxe2
22. Kxe2 hxg4 23. Nxf7 Rh3 24. Qd2 Rxh2 25. Qc1 Ng3+ 0-1

[Event "Lliga Catalana DH Final B"]
[Site "?"]
[Date "2015.03.14"]
[Round "8.4"]
[White "Escandell Mari, JC."]
[Black "Dalo, H."]
[Result "1/2-1/2"]
[WhiteElo "2386"]
[BlackElo "2312"]
[PlyCount "111"]
[EventDate "2015.??.??"]
[EventType "team"]

1. e4 c5 2. Nf3 e6 3. d4 cxd4 4. Nxd4 Nf6 5. Nc3 d6 6. Be3 a6 7. f3 b5 8. Qd2
Nbd7 9. g4 Nb6 10. Qf2 Nfd7 11. O-O-O Bb7 12. Bd3 Rc8 13. Nce2 Nc5 14. Kb1 Nba4
15. Bc1 Qc7 16. Ng3 d5 17. Rhe1 Nxd3 18. cxd3 Bc5 19. Be3 O-O 20. Rc1 Qe7 21.
Ndf5 exf5 22. Nxf5 Qc7 23. Bxc5 Nxc5 24. Qd4 Ne6 25. Rxc7 Nxd4 26. Rxc8 Rxc8
27. Nxd4 dxe4 28. dxe4 g6 29. Rc1 Rd8 30. Nc6 Bxc6 31. Rxc6 Rd1+ 32. Kc2 Rh1
33. Rxa6 Rxh2+ 34. Kc3 Rf2 35. Rb6 Rxf3+ 36. Kd4 Rg3 37. Rxb5 Rxg4 38. Ke3 h5
39. a4 h4 40. Rc5 h3 41. Rc1 Rg2 42. b4 Rb2 43. b5 Rb4 44. Kf3 Rxa4 45. Rb1
Ra3+ 46. Kf2 h2 47. Kg2 Ra2+ 48. Kh1 Kf8 49. b6 Ra8 50. Kxh2 Ke7 51. Kg3 f5 52.
exf5 gxf5 53. Kf4 Kd6 54. b7 Rb8 55. Kxf5 Kc7 56. Rc1+ 1/2-1/2

[Event "Lliga Catalana DH Final B"]
[Site "?"]
[Date "2015.03.14"]
[Round "8.5"]
[White "Vera Pons, F."]
[Black "Bru Rullo, L."]
[Result "1/2-1/2"]
[WhiteElo "2314"]
[BlackElo "2261"]
[PlyCount "25"]
[EventDate "2015.??.??"]
[EventType "team"]

1. e4 e6 2. d4 d5 3. Nc3 Nf6 4. Bg5 dxe4 5. Nxe4 Be7 6. Bxf6 Bxf6 7. Nf3 Nd7 8.
Bd3 c5 9. Qd2 O-O 10. O-O-O cxd4 11. h4 Re8 12. Nxf6+ Nxf6 13. Nxd4 1/2-1/2

[Event "Lliga Catalana DH Final B"]
[Site "?"]
[Date "2015.03.14"]
[Round "8.6"]
[White "Castellet Giralt, G."]
[Black "Ballesteros Collazos, S."]
[Result "1-0"]
[WhiteElo "2286"]
[BlackElo "2309"]
[PlyCount "93"]
[EventDate "2015.??.??"]
[EventType "team"]

1. d4 Nf6 2. c4 g6 3. Nc3 Bg7 4. e4 d6 5. f4 O-O 6. Nf3 e5 7. dxe5 dxe5 8. Qxd8
Rxd8 9. Nxe5 Re8 10. Bd3 Ng4 11. Nxg4 Bxg4 12. Kf2 Bxc3 13. bxc3 Na6 14. Be3
Rad8 15. Bc2 c5 16. h3 Bd7 17. Rad1 f6 18. f5 Kf7 19. h4 Bc6 20. Rxd8 Rxd8 21.
h5 gxf5 22. exf5 Rg8 23. Rh2 Re8 24. Rh4 b6 25. Rg4 Nb8 26. h6 Rg8 27. Rxg8
Kxg8 28. Bf4 Nd7 29. g3 Kf7 30. Ke3 Ne5 31. Bxe5 fxe5 32. Be4 Bd7 33. g4 Kf6
34. Bd5 Ba4 35. Bg8 Kg5 36. Bxh7 Kxh6 37. Bg8 Kg7 38. Bd5 Kf6 39. Bf3 Bc2 40.
Be2 Kg5 41. Bd3 Bd1 42. Ke4 Bxg4 43. Kxe5 Kh6 44. Kf6 Kh7 45. Ke7 Bh5 46. f6+
Kg8 47. Be4 1-0

[Event "Lliga Catalana DH Final B"]
[Site "?"]
[Date "2015.03.14"]
[Round "8.7"]
[White "Martin Grillo, R."]
[Black "Garcia Acosta, R."]
[Result "1/2-1/2"]
[WhiteElo "2303"]
[BlackElo "2216"]
[PlyCount "66"]
[EventDate "2015.??.??"]
[EventType "team"]

1. Nf3 d5 2. g3 Nf6 3. Bg2 Bf5 4. O-O e6 5. d3 Be7 6. Nbd2 O-O 7. Qe1 c5 8. e4
Bg6 9. h3 Nc6 10. Nh4 Rc8 11. Nxg6 hxg6 12. exd5 Nxd5 13. Nc4 Nd4 14. Qd1 Bf6
15. Ne3 Nxe3 16. Bxe3 Nf5 17. Bf4 g5 18. Bd2 Qc7 19. Qg4 b6 20. Rab1 Qe7 21.
Rfe1 Rfd8 22. Bc3 Bxc3 23. bxc3 Qf6 24. c4 Nd4 25. Rbc1 Nf5 26. Be4 Nd6 27. Bg2
Nf5 28. a4 Rd4 29. Re4 Rcd8 30. Rce1 Rxe4 31. Rxe4 Nd6 32. Re2 Nf5 33. Re4 Nd6
1/2-1/2

[Event "Lliga Catalana DH Final B"]
[Site "?"]
[Date "2015.03.14"]
[Round "8.8"]
[White "Valencia Jimenez, J."]
[Black "Juan Bartroli, P."]
[Result "1-0"]
[WhiteElo "2185"]
[BlackElo "2288"]
[PlyCount "107"]
[EventDate "2015.??.??"]
[EventType "team"]

1. d4 e6 2. c4 b6 3. Nf3 Bb7 4. g3 Bb4+ 5. Nbd2 Nf6 6. Bg2 O-O 7. O-O Bxd2 8.
Qxd2 d6 9. b3 Qe7 10. Bb2 c5 11. Rfd1 Nc6 12. d5 exd5 13. cxd5 Nb4 14. Nh4 Bc8
15. a3 Na6 16. f3 Ne8 17. e4 c4 18. b4 f5 19. Nxf5 Bxf5 20. exf5 Rxf5 21. Re1
Qb7 22. Qc2 Rf8 23. Qxc4 Rc8 24. Qd3 Nf6 25. f4 Nc7 26. Re7 Rce8 27. Rae1 Qb8
28. Qc4 Rxe7 29. Rxe7 Rf7 30. Bxf6 gxf6 31. Rxf7 Kxf7 32. Qc6 Qd8 33. Qb7 Qe7
34. Kf2 Nb5 35. Qa6 Nc7 36. Qxa7 b5 37. Qe3 Qd8 38. Bh3 Qa8 39. Be6+ Kg7 40.
Qb6 Nxe6 41. dxe6 Qh1 42. Qc7+ Kh6 43. Qf7 Qxh2+ 44. Kf3 Qh1+ 45. Ke3 Qe1+ 46.
Kd4 Qd2+ 47. Ke4 f5+ 48. Kxf5 Qd5+ 49. Kf6 Qd4+ 50. Ke7 Qa7+ 51. Kf8 Qa8+ 52.
Qe8 Qa7 53. Qe7 Qb8+ 54. Kf7 1-0